00850nam a22001457a 450000500170000000800410001702000180005805000180007610000030009424500700009726000510016730000230021850000200024150504430026120220215172658.0220215b ||||| |||| 00| 0 eng d a9780521319669 aHC800.800.K46  aAfrican capitalism : the struggle for ascendency /cPaul Kennedy. aNew York :bCambridge University Press,c1988. ax, 233p. :c23 cm. aIncludes index. aContents: Themes and perspectives -- Economic development during the colonial period -- Colonial rule and African enterprise -- Government, politics and African capitalism since independence -- Class formation and state power -- African business and foreign capital: the contemporary situation -- The cultural and economic climate -- Entrepreneurial endeavour, business success and social origins -- What prospects for African capitalism.